[Event "Detroit (MCO/B/2a/1)"]
[Site "?"]
[Date "1994.??.??"]
[Round "?"]
[White "Schey, Danny"]
[Black "Ruhlmann, Max"]
[Result "1-0"]
[WhiteElo "1705"]
[BlackElo "1750"]
[PlyCount "53"]
[EventDate "1994.??.??"]

1. c4 c5 2. Nf3 Nf6 3. d4 cxd4 4. Nxd4 e5 5. Nb5 d5 6. cxd5 a6 7. N5c3 Bb4 8.
Qa4+ b5 9. Qxb4 Nxd5 10. Qe4 Nxc3 11. Nxc3 Qc7 12. Nd5 Qd6 13. Nf6+ gxf6 14.
Qxa8 O-O 15. Qf3 Rd8 16. Bh6 Qb4+ 17. Qc3 Qxc3+ 18. bxc3 Be6 19. e4 Rc8 20. Kd2
Rd8+ 21. Kc2 Rc8 22. Rd1 Nc6 23. Kb2 b4 24. cxb4 Nxb4 25. Rc1 Rd8 26. Bc4 Rb8
27. Ka1 1-0

[Event "Detroit (CAO/4/5)"]
[Site "?"]
[Date "1994.??.??"]
[Round "?"]
[White "Schey, Danny"]
[Black "Reeves, Andre"]
[Result "0-1"]
[WhiteElo "1605"]
[BlackElo "1715"]
[PlyCount "70"]
[EventDate "1994.??.??"]

{4/(5)} 1. c4 f5 2. Nc3 Nf6 3. Nf3 g6 4. g3 Bg7 5. Bg2 d6 6. d4 c6 7. O-O O-O
8. Re1 Nbd7 9. e4 fxe4 10. Ng5 Nb6 11. d5 Nxc4 12. Ne6 Bxe6 13. dxe6 d5 14. b3
Ne5 15. Ne2 Nfg4 16. Nf4 Qb6 17. Be3 Nxe3 18. Rxe3 Nf3+ 19. Bxf3 exf3 20. Rxf3
Bxa1 21. Qxa1 g5 22. Nh5 d4 23. Rxf8+ Rxf8 24. h4 Qc5 25. hxg5 Qxg5 26. g4
Qxg4+ 27. Ng3 d3 28. Qe1 Rf6 29. Qe5 Qd1+ 30. Kg2 Qf3+ 31. Kg1 Qxf2+ 32. Kh1
Rh6+ 33. Nh5 Rxh5+ 34. Qxh5 Qf1+ 35. Kh2 Qe2+ 0-1

[Event "Detroit (MOR/4/9)"]
[Site "?"]
[Date "1994.??.??"]
[Round "?"]
[White "Schey, Danny"]
[Black "Morrow, Chris"]
[Result "1-0"]
[WhiteElo "1610"]
[BlackElo "1775"]
[PlyCount "107"]
[EventDate "1994.??.??"]

{4/(9)} 1. c4 c6 2. e4 d5 3. cxd5 cxd5 4. exd5 Qxd5 5. Nc3 Qd8 6. d4 e6 7. Nf3
Nc6 8. Bc4 Nf6 9. O-O Be7 10. Bf4 a6 11. Rc1 O-O 12. d5 exd5 13. Nxd5 Nxd5 14.
Bxd5 Nb4 15. Bb3 Qxd1 16. Rfxd1 Bg4 17. Rc7 Bf6 18. Bd6 Nc6 19. Bxf8 Rxf8 20.
Rd3 Bxf3 21. Rxf3 Nd4 22. Re3 Bg5 23. Rd3 Nxb3 24. Rxb3 Re8 25. g3 b5 26. Ra7
h5 27. h4 Bf6 28. Kf1 Re6 29. Ra3 Bxb2 30. R3xa6 Rxa6 31. Rxa6 b4 32. Ke2 Bc3
33. Ra8+ Kh7 34. Re8 Bb2 35. Kd3 g6 36. Kc4 Ba3 37. Rb8 f6 38. Rb7+ Kh6 39. Kd5
f5 40. Ke6 g5 41. Kxf5 gxh4 42. gxh4 b3 43. Rxb3 Bc5 44. f4 Bf2 45. Rh3 Bc5 46.
a4 Bb4 47. Kf6 Ba5 48. f5 Bd8+ 49. Kf7 Ba5 50. f6 Bd8 51. Rg3 Bc7 52. Rg2 Bd8
53. Ke6 Kh7 54. f7 1-0

[Event "Detroit (MCO/B/7/3)"]
[Site "?"]
[Date "1994.??.??"]
[Round "?"]
[White "Schey, Danny"]
[Black "Lubben, Don"]
[Result "0-1"]
[WhiteElo "1705"]
[BlackElo "1795"]
[PlyCount "98"]
[EventDate "1994.??.??"]

{7/(3)} 1. c4 g6 2. e4 c5 3. Nf3 Bg7 4. d4 cxd4 5. Nxd4 Qb6 6. Nb3 Nc6 7. Nc3
Nf6 8. Be3 Qd8 9. Be2 O-O 10. Qd2 d6 11. f3 a5 12. h4 a4 13. Nd4 Nh5 14. g4
Nxd4 15. Bxd4 Bxd4 16. Qxd4 e5 17. Qe3 Nf4 18. O-O-O Be6 19. c5 a3 20. b3 Qa5
21. Nd5 Nxe2+ 22. Qxe2 Qxc5+ 23. Kb1 Bxd5 24. Rxd5 Qb4 25. Rb5 Qd4 26. Rd1 Qa7
27. Rxd6 Rfd8 28. Rbd5 Rxd6 29. Rxd6 Qg1+ 30. Rd1 Qc5 31. Rc1 Qd6 32. Rd1 Qc7
33. Qd2 Rc8 34. h5 Qc6 35. hxg6 fxg6 36. Qd5+ Kf8 37. Qxc6 Rxc6 38. Rd7 Rf6 39.
Rxh7 Rxf3 40. Rxb7 Rf4 41. b4 Rxg4 42. b5 Rxe4 43. Kc2 Rb4 44. Kc3 Rb2 45. b6
Rxa2 46. Kb3 Ra1 47. Ra7 Rb1+ 48. Kxa3 Rxb6 49. Ra5 Re6 0-1

[Event "Eastpointe (US Am N/6/13)"]
[Site "?"]
[Date "1994.??.??"]
[Round "?"]
[White "Schey, Danny"]
[Black "Lubben, Don"]
[Result "1-0"]
[WhiteElo "1685"]
[BlackElo "1860"]
[PlyCount "65"]
[EventDate "1994.??.??"]

{6/(13)} 1. Nf3 d5 2. g3 c5 3. Bg2 Nc6 4. O-O e5 5. d3 Nf6 6. e4 d4 7. Nbd2 Be7
8. a4 h6 9. Nc4 Qc7 10. Ne1 Be6 11. b3 Nd7 12. f4 exf4 13. gxf4 O-O-O 14. f5
Bxc4 15. bxc4 Nde5 16. Rb1 Bg5 17. Nf3 f6 18. Bd2 Ng4 19. Qe1 Nce5 20. Qg3 Nxh2
21. Qxh2 Ng4 22. Qxc7+ Kxc7 23. Nxg5 hxg5 24. e5 b6 25. e6 Ne5 26. a5 Rh4 27.
axb6+ axb6 28. Ra1 Nc6 29. Be1 Rg4 30. Rf3 Nb4 31. Ra7+ Kb8 32. Rxg7 Nxc2 33.
Rg3 1-0

[Event "Detroit (MOR/7/2)"]
[Site "?"]
[Date "1994.??.??"]
[Round "?"]
[White "Schey, Danny"]
[Black "Jointer, William"]
[Result "1-0"]
[WhiteElo "1610"]
[BlackElo "1740"]
[PlyCount "111"]
[EventDate "1994.??.??"]

{7/(2)} 1. c4 Nf6 2. Nc3 g6 3. e4 d6 4. d4 Bg7 5. Be2 O-O 6. Bg5 a6 7. Qd2 Re8
8. f4 h6 9. Bh4 e6 10. e5 dxe5 11. fxe5 Ne4 12. Bxd8 Nxd2 13. Bxc7 Nc6 14. Bb6
Nxc4 15. Bxc4 f6 16. exf6 Bxf6 17. Nf3 Kg7 18. O-O Bd7 19. Ne4 Be7 20. Ne5 Nxe5
21. dxe5 Bd8 22. Bxd8 Rexd8 23. Nd6 Rf8 24. Rxf8 Rxf8 25. Rf1 b5 26. Rxf8 Kxf8
27. Bd3 g5 28. Kf2 Bc6 29. Be4 Bd7 30. Ke3 a5 31. Kd4 b4 32. Nc4 a4 33. Nb6 Be8
34. Kc4 b3 35. axb3 axb3 36. Kxb3 Bb5 37. Kb4 Be2 38. Kc5 Ke7 39. Nc8+ Kd7 40.
Nd6 h5 41. b4 h4 42. b5 Kc7 43. b6+ Kb8 44. Nc4 g4 45. Na5 Ba6 46. Nc6+ Kc8 47.
Nb4 Bb7 48. Bxb7+ Kxb7 49. Nc6 g3 50. hxg3 hxg3 51. Nd8+ Kc8 52. Nxe6 Kb7 53.
Nd4 Kc8 54. Kc6 Kb8 55. e6 Kc8 56. b7+ 1-0

[Event "Detroit (CAO/6/5)"]
[Site "?"]
[Date "1994.??.??"]
[Round "?"]
[White "Schey, Danny"]
[Black "Jointer, William"]
[Result "1-0"]
[WhiteElo "1605"]
[BlackElo "1700"]
[PlyCount "79"]
[EventDate "1994.??.??"]

{6/(5)} 1. c4 e5 2. Nc3 Nf6 3. g3 c6 4. Nf3 e4 5. Ng5 d5 6. cxd5 cxd5 7. h4 Ng4
8. Bg2 h6 9. Nh3 Bc5 10. O-O O-O 11. d3 f5 12. Nf4 Nf6 13. Qb3 Qb6 14. Qxb6
Bxb6 15. Ncxd5 Nbd7 16. Ne7+ Kf7 17. Nxf5 exd3 18. Nxd3 Re8 19. Nd6+ Kg8 20.
Nxe8 Nxe8 21. Bf4 Nef6 22. Rfd1 Nc5 23. Nxc5 Bxc5 24. Rd8+ Kf7 25. Rc1 Be7 26.
Rcxc8 Rxc8 27. Rxc8 b6 28. Rc7 Kf8 29. Rxa7 Bc5 30. Rb7 Ng4 31. e3 Nf6 32. a3
Ke8 33. Rxg7 Bf8 34. Bc6+ Kd8 35. Rf7 Be7 36. Bxh6 Ng4 37. Bg5 Bxg5 38. hxg5
Ne5 39. Rf8+ Kc7 40. Bg2 1-0

[Event "Warren (Warmup"]
[Site "?"]
[Date "1994.??.??"]
[Round "?"]
[White "Schey, Danny"]
[Black "Hudy, M."]
[Result "1-0"]
[WhiteElo "1705"]
[BlackElo "1605"]
[PlyCount "41"]
[EventDate "1994.??.??"]

1. c4 Nf6 2. Nc3 c5 3. Nf3 d6 4. d4 cxd4 5. Nxd4 g6 6. e4 Bg7 7. Be2 Nc6 8. Be3
O-O 9. Qd2 Re8 10. O-O-O Bd7 11. h4 a6 12. h5 Nxh5 13. Bxh5 gxh5 14. f3 Nxd4
15. Bxd4 e5 16. Be3 b5 17. Bg5 Qb8 18. Nd5 Be6 19. Nf6+ Bxf6 20. Bxf6 Qc8 21.
Qg5+ 1-0

[Event "Warren (Warmup"]
[Site "?"]
[Date "1994.??.??"]
[Round "?"]
[White "Schey, Danny"]
[Black "Hartwig, Thomas"]
[Result "0-1"]
[WhiteElo "1705"]
[BlackElo "1605"]
[PlyCount "130"]
[EventDate "1994.??.??"]

1. c4 g6 2. Nc3 Bg7 3. d4 Nf6 4. e4 d6 5. Be2 O-O 6. Bg5 h6 7. Be3 e5 8. d5
Nbd7 9. h4 h5 10. Qd2 Kh7 11. Nh3 c5 12. dxc6 Nc5 13. Bxc5 dxc5 14. Qxd8 Rxd8
15. Ng5+ Kg8 16. cxb7 Bxb7 17. f3 Bh6 18. Nd5 Bxg5 19. hxg5 Nh7 20. O-O-O Bxd5
21. cxd5 Nxg5 22. Bc4 Rd6 23. Rd3 Rb8 24. Ra3 Rdb6 25. b3 R8b7 26. Rd1 Rd6 27.
Ra5 Rc7 28. Kb2 Nh7 29. Rc1 Nf8 30. Bb5 Nd7 31. Bxd7 Rcxd7 32. Raxc5 f5 33.
Rc8+ Kg7 34. R1c7 fxe4 35. fxe4 Kh6 36. Rh8+ Kg7 37. Rcc8 Rf7 38. Rcg8+ Kf6 39.
Kc3 Kg5 40. Rc8 Kf4 41. Kd3 Kg3 42. Rhg8 Rff6 43. Rc2 Rf2 44. Rc6 Rff6 45. Ra8
Rxc6 46. dxc6 Rxc6 47. Rxa7 Kxg2 48. Ra5 Rd6+ 49. Rd5 Re6 50. Ke3 h4 51. Rd2+
Kg3 52. Rd8 h3 53. Rf8 h2 54. Rf3+ Kg2 55. Rf2+ Kg1 56. Re2 h1=Q 57. Re1+ Kg2
58. Rxh1 Kxh1 59. Kf3 Ra6 60. a4 Rb6 61. Kg4 Rxb3 62. Kg5 Ra3 63. Kxg6 Rxa4 64.
Kf5 Kg2 65. Kxe5 Kf3 0-1

[Event "Eastpointe (MI Action/2/5)"]
[Site "?"]
[Date "1994.??.??"]
[Round "?"]
[White "Schey, Danny"]
[Black "Gabbara, Faris"]
[Result "0-1"]
[WhiteElo "1765"]
[BlackElo "2170"]
[PlyCount "36"]
[EventDate "1994.??.??"]

{2/(5)} 1. c4 e6 2. Nc3 d5 3. d4 c5 4. cxd5 cxd4 5. Qxd4 Nc6 6. Qa4 exd5 7. g3
d4 8. Nb5 Bb4+ 9. Kd1 Nge7 10. a3 Bc5 11. Bf4 Nd5 12. Rc1 Nxf4 13. Rxc5 Ne6 14.
Rc4 Qd5 15. Nf3 O-O 16. Bg2 a6 17. Nbxd4 b5 18. Nh4 Qxd4+ 0-1

[Event "Eastpointe (US Am N/2/2)"]
[Site "?"]
[Date "1994.??.??"]
[Round "?"]
[White "Schey, Danny"]
[Black "Everett, Morgan"]
[Result "0-1"]
[WhiteElo "1685"]
[BlackElo "2160"]
[PlyCount "72"]
[EventDate "1994.??.??"]

{2/(2)} 1. Nf3 Nf6 2. g3 g6 3. Bg2 Bg7 4. O-O O-O 5. d3 d6 6. e4 c5 7. Nbd2 Nc6
8. c3 e5 9. a4 Bg4 10. h3 Bc8 11. Nc4 Be6 12. Ne3 h6 13. Nh4 d5 14. f4 exf4 15.
gxf4 dxe4 16. dxe4 Qxd1 17. Rxd1 Bb3 18. Re1 Rad8 19. e5 Nd5 20. Ng4 h5 21. Nf2
Rfe8 22. Ne4 b6 23. Nd2 Na5 24. Ra3 c4 25. Ndf3 Nc7 26. Nd4 Ne6 27. Nhf3 Nc5
28. Bf1 Bxa4 29. f5 gxf5 30. Nxf5 Rd1 31. Rxd1 Bxd1 32. Nd6 Bxf3 33. Nxe8 Bxe5
34. Rxa5 bxa5 35. Bxc4 Bc6 36. Be3 Ne6 0-1

[Event "Fowlerville (Jun)"]
[Site "?"]
[Date "1994.??.??"]
[Round "?"]
[White "Schey, Danny"]
[Black "Charette, K."]
[Result "1-0"]
[WhiteElo "1685"]
[BlackElo "1605"]
[PlyCount "104"]
[EventDate "1994.??.??"]

1. Nf3 d5 2. g3 Nf6 3. Bg2 e6 4. O-O Be7 5. d3 O-O 6. Nbd2 Nc6 7. e4 e5 8. Re1
d4 9. Nc4 Bg4 10. a4 Re8 11. c3 Bxf3 12. Bxf3 a6 13. a5 b6 14. axb6 cxb6 15.
Bg2 b5 16. Na3 Rb8 17. Nc2 a5 18. cxd4 Nxd4 19. Nxd4 Qxd4 20. Qe2 Red8 21. Rd1
a4 22. Be3 Qd7 23. d4 Qb7 24. dxe5 Nxe4 25. Bf4 Rxd1+ 26. Rxd1 Rd8 27. Rxd8+
Bxd8 28. Bxe4 Qb6 29. Qd3 g6 30. Qd7 Qa5 31. Bd2 b4 32. Bd5 Qc7 33. Bxf7+ Kg7
34. Be6+ Qxd7 35. Bxd7 a3 36. bxa3 bxa3 37. Be6 Kf8 38. Bb4+ Be7 39. Bxe7+ Kxe7
40. Bc4 Kd7 41. f4 Ke7 42. Kf2 Kf8 43. Ke3 Ke7 44. Ke4 Kd7 45. Kd5 Ke7 46. g4
Kd7 47. f5 gxf5 48. gxf5 h5 49. f6 Ke8 50. Kd6 h4 51. e6 a2 52. Bxa2 h3 1-0

[Event "Eastpointe (MI Action/4/6)"]
[Site "?"]
[Date "1994.??.??"]
[Round "?"]
[White "Schey, Danny"]
[Black "Bueno, A."]
[Result "0-1"]
[WhiteElo "1765"]
[BlackElo "2070"]
[PlyCount "64"]
[EventDate "1994.??.??"]

{4/(6)} 1. d4 Nf6 2. c4 e6 3. Nf3 Bb4+ 4. Bd2 Qe7 5. e3 O-O 6. a3 Bxd2+ 7.
Nbxd2 d6 8. Bd3 e5 9. O-O Bg4 10. h3 Bh5 11. Qc2 Bxf3 12. Nxf3 e4 13. Be2 exf3
14. Bxf3 c6 15. b4 Nbd7 16. b5 d5 17. bxc6 bxc6 18. cxd5 cxd5 19. Rab1 Rab8 20.
Qf5 Qe6 21. Qf4 Rb6 22. Rxb6 Nxb6 23. Qc7 Qd7 24. Qg3 Rc8 25. Rb1 Qc7 26. Qg5
h6 27. Qf5 Qc2 28. Qxc2 Rxc2 29. Kf1 Ne4 30. Bxe4 dxe4 31. Rd1 Nd5 32. Re1 Nc3
0-1

[Event "Detroit (CAO/2/3)"]
[Site "?"]
[Date "1994.??.??"]
[Round "?"]
[White "Schey, Danny"]
[Black "Bueno, A."]
[Result "0-1"]
[WhiteElo "1605"]
[BlackElo "2100"]
[PlyCount "54"]
[EventDate "1994.??.??"]

{2/(3)} 1. c4 Nf6 2. Nc3 e6 3. e4 d5 4. cxd5 exd5 5. e5 d4 6. exf6 dxc3 7. dxc3
Qxf6 8. Nf3 Bd6 9. Bg5 Qe6+ 10. Be2 O-O 11. O-O Nc6 12. Re1 Qg6 13. Qd2 f6 14.
Bc4+ Kh8 15. Be3 Qh5 16. Bf4 Bg4 17. Nd4 Ne5 18. Bb3 Rad8 19. h3 Bd7 20. Qe3
Rde8 21. Qg3 g5 22. Bxe5 Bxe5 23. Qd3 g4 24. Bc2 gxh3 25. Nf3 hxg2 26. Kxg2
Qh3+ 27. Kg1 Rg8+ 0-1

[Event "Detroit (MCO/B/6/3)"]
[Site "?"]
[Date "1994.??.??"]
[Round "?"]
[White "Schey, Danny"]
[Black "Blake, J."]
[Result "0-1"]
[WhiteElo "1705"]
[BlackElo "1720"]
[PlyCount "58"]
[EventDate "1994.??.??"]

{6/(3)} 1. c4 c6 2. e4 d5 3. exd5 cxd5 4. d4 dxc4 5. Bxc4 g6 6. Nf3 Bg7 7. Qb3
e6 8. O-O Ne7 9. Nc3 O-O 10. Bg5 Nbc6 11. Qa3 f6 12. Be3 Na5 13. Bd3 a6 14. Ne4
b6 15. Rac1 Bb7 16. Nd6 Bd5 17. Bf4 g5 18. Bd2 Nac6 19. Bc4 Bxc4 20. Nxc4 g4
21. Nh4 Nxd4 22. Be3 Ne2+ 23. Kh1 Nxc1 24. Rxc1 Nd5 25. Bd4 f5 26. Bxg7 Kxg7
27. Qg3 h5 28. Nf3 f4 29. Qh4 gxf3 0-1

[Event "Warren (Warmup"]
[Site "?"]
[Date "1994.??.??"]
[Round "?"]
[White "Schey, Danny"]
[Black "Abdul, A."]
[Result "1-0"]
[WhiteElo "1705"]
[BlackElo "1605"]
[PlyCount "65"]
[EventDate "1994.??.??"]

1. c4 Nf6 2. Nc3 g6 3. e4 Nc6 4. d4 d6 5. d5 Ne5 6. f4 Bg4 7. Qa4+ Ned7 8. h3
Bh5 9. g4 Nxg4 10. hxg4 Bxg4 11. Be2 Bxe2 12. Ngxe2 Bg7 13. Be3 O-O 14. Bd4 e5
15. dxe6 fxe6 16. Bxg7 Kxg7 17. O-O-O Nc5 18. Qc2 Qe7 19. Rdg1 Rh8 20. Ng3 Raf8
21. f5 Qg5+ 22. Kb1 Kf7 23. fxg6+ hxg6 24. Rxh8 Rxh8 25. Qf2+ Ke7 26. Nf5+ exf5
27. Rxg5 Nd3 28. Nd5+ Kd7 29. Qd4 Ne5 30. Nf6+ Ke7 31. Nd5+ Kd7 32. c5 Rh7 33.
Nf6+ 1-0

[Event "Detroit (MOR/2/10)"]
[Site "?"]
[Date "1994.??.??"]
[Round "?"]
[White "Schafer, Jurgen"]
[Black "McGrath, Michael"]
[Result "0-1"]
[WhiteElo "1605"]
[BlackElo "1745"]
[PlyCount "89"]
[EventDate "1994.??.??"]

{2/(10)} 1. e4 e5 2. Nf3 d6 3. Bc4 Be7 4. d4 exd4 5. Qxd4 Nf6 6. O-O O-O 7. Nc3
Nc6 8. Qe3 Be6 9. Nd5 Re8 10. b3 Bxd5 11. exd5 Nb4 12. Qc3 Nfxd5 13. Bxd5 Nxd5
14. Qd3 Bf6 15. Rb1 Nc3 16. Be3 Nxb1 17. Rxb1 d5 18. Rd1 c6 19. h3 a6 20. Qf5
Qa5 21. Bg5 Re6 22. Bxf6 Rxf6 23. Qd7 Rb8 24. Re1 Qd8 25. Qg4 Rg6 26. Qf4 Ra8
27. Ne5 Qf6 28. Nxg6 hxg6 29. Qc7 b5 30. Qb7 Rf8 31. Re2 a5 32. Re7 Qc3 33. Re2
d4 34. Qd7 a4 35. bxa4 bxa4 36. Kh2 a3 37. Qb7 c5 38. Qd5 c4 39. Re4 Qxc2 40.
Rxd4 c3 41. Rd3 Qb2 42. Qc4 Qb8+ 43. g3 Rd8 44. Qa4 Rxd3 45. Qxa3 0-1

[Event "Detroit (MOR/6/36)"]
[Site "?"]
[Date "1994.??.??"]
[Round "?"]
[White "Schafer, Jurgen"]
[Black "Hartwig, Thomas"]
[Result "1-0"]
[WhiteElo "1605"]
[BlackElo "1605"]
[PlyCount "55"]
[EventDate "1994.??.??"]

{6/(36)} 1. e4 c5 2. Nf3 d6 3. d4 cxd4 4. Nxd4 Nf6 5. Nc3 g6 6. Be3 Bg7 7. Be2
Nc6 8. O-O O-O 9. Qd2 Nxd4 10. Bxd4 Be6 11. Qe3 a6 12. Rad1 Qa5 13. a3 Qc7 14.
e5 Ng4 15. Bxg4 Bxg4 16. exd6 exd6 17. Bxg7 Kxg7 18. Qd4+ Kg8 19. Qxg4 Rfe8 20.
Ne4 Re6 21. Ng5 Re7 22. c4 Rd8 23. b4 Rde8 24. h4 h6 25. Nf3 Re4 26. Qg3 R8e6
27. c5 Qd7 28. Rxd6 1-0

[Event "Detroit (MOR/4/35)"]
[Site "?"]
[Date "1994.??.??"]
[Round "?"]
[White "Schafer, Jurgen"]
[Black "Adams, B."]
[Result "0-1"]
[WhiteElo "1605"]
[BlackElo "1605"]
[PlyCount "112"]
[EventDate "1994.??.??"]

{4/(35)} 1. e4 e5 2. Nf3 Nc6 3. Bb5 a6 4. Ba4 Nf6 5. O-O b5 6. Bb3 Be7 7. Re1
O-O 8. Bd5 Bb7 9. Bxc6 Bxc6 10. d3 d6 11. Nc3 Re8 12. Bg5 h6 13. Be3 Ng4 14.
Qd2 Nxe3 15. Qxe3 Bb7 16. Ne2 d5 17. c3 dxe4 18. dxe4 Bd6 19. Rad1 Qe7 20. Ng3
Bc5 21. Qe2 Qe6 22. Rd2 b4 23. b3 bxc3 24. Rc2 Qb6 25. Nf5 Rad8 26. Rd1 Rxd1+
27. Qxd1 Bxe4 28. Qd7 Bxc2 29. Qxe8+ Kh7 30. Qxf7 Bxf2+ 31. Kh1 Qg6 32. Qxc7
Qxf5 33. Qxc3 Qd3 34. Qxd3+ Bxd3 35. Nxe5 Bb1 36. a3 Bc2 37. b4 Bd4 38. Nc6 Bb2
39. Nb8 Bxa3 40. Nxa6 Bd3 41. Nc5 Be2 42. Ne6 Bxb4 43. Kg1 Bc4 44. Nf4 Bc5+ 45.
Kh1 g5 46. Nh3 Bd5 47. Ng1 Kg6 48. Ne2 Be3 49. h3 h5 50. Kh2 h4 51. g3 Bc6 52.
gxh4 gxh4 53. Nc3 Kf5 54. Nd5 Bf4+ 55. Nxf4 Kxf4 56. Kg1 Kg3 0-1

[Event "Warren (Warmup"]
[Site "?"]
[Date "1994.??.??"]
[Round "?"]
[White "Scales, H."]
[Black "Schey, Danny"]
[Result "1-0"]
[WhiteElo "1605"]
[BlackElo "1705"]
[PlyCount "71"]
[EventDate "1994.??.??"]

1. d4 Nf6 2. Nf3 g6 3. Bf4 Bg7 4. c3 O-O 5. e3 d6 6. h3 b6 7. Be2 Bb7 8. O-O
Nbd7 9. Nbd2 Re8 10. b4 Nd5 11. Qb3 Nxf4 12. exf4 Nf6 13. Ng5 d5 14. Nb1 a5 15.
a3 axb4 16. cxb4 h6 17. Nf3 Nh5 18. g3 Bc8 19. Kh2 c5 20. bxc5 bxc5 21. Nbd2
Qd7 22. Ng1 Bxd4 23. Ra2 c4 24. Qd1 Nxf4 25. gxf4 Qf5 26. Kg3 e5 27. Ndf3 Qxf4+
28. Kg2 Bf5 29. Qd2 Qe4 30. Qxh6 c3 31. Re1 Rab8 32. Bb5 Rxb5 33. Rxe4 Bxe4 34.
Kg3 Rb2 35. Rxb2 cxb2 36. Ng5 1-0

[Event "Detroit (MCO/DEU/3a/8)"]
[Site "?"]
[Date "1994.??.??"]
[Round "?"]
[White "Scales, H."]
[Black "Prince, S."]
[Result "1-0"]
[WhiteElo "1605"]
[BlackElo "1605"]
[PlyCount "107"]
[EventDate "1994.??.??"]

1. d4 Nf6 2. Nf3 g6 3. e3 Bg7 4. c3 d5 5. Bd2 Bg4 6. Be2 O-O 7. c4 Nc6 8. a3
dxc4 9. Bxc4 Ne4 10. Bc1 Ne5 11. Be2 Nxf3+ 12. gxf3 Nxf2 13. Kxf2 Bh3 14. Bf1
Qd7 15. Bxh3 Qxh3 16. Nd2 e5 17. Ne4 exd4 18. Qg1 dxe3+ 19. Bxe3 f5 20. Ng5
Qh4+ 21. Qg3 Qxg3+ 22. hxg3 h5 23. Rab1 Bf6 24. f4 Rfe8 25. Rhd1 b6 26. b4 Rac8
27. Rd7 c5 28. bxc5 bxc5 29. Rxa7 Re7 30. Ra6 Bxg5 31. Rxg6+ Rg7 32. Rxg5 c4
33. a4 c3 34. Rc1 Rxg5 35. fxg5 Kg7 36. Ke2 Kg6 37. Kd3 Ra8 38. Ra1 Rc8 39. a5
h4 40. gxh4 Kh5 41. Bf2 f4 42. a6 c2 43. Rc1 Rc6 44. a7 Rd6+ 45. Kxc2 Rc6+ 46.
Kd2 Rd6+ 47. Ke2 Ra6 48. Kf3 Ra3+ 49. Kxf4 Ra4+ 50. Ke5 Ra5+ 51. Kf6 Ra6+ 52.
Kf7 Ra2 53. Rf1 Ra5 54. Bd4 1-0

[Event "Detroit (MCO/DEU/6/4)"]
[Site "?"]
[Date "1994.??.??"]
[Round "?"]
[White "Scales, H."]
[Black "Martell, Raul"]
[Result "1-0"]
[WhiteElo "1605"]
[BlackElo "1605"]
[PlyCount "89"]
[EventDate "1994.??.??"]

{6/(4)} 1. d4 d5 2. Nf3 Nc6 3. e3 Nf6 4. a3 e6 5. c4 dxc4 6. Bxc4 Be7 7. b4 a6
8. Nc3 b5 9. Be2 Bb7 10. Bd2 O-O 11. Qc1 Nd5 12. Nxd5 Qxd5 13. Qc2 Qd7 14. Bd3
g6 15. O-O Bf6 16. Bc3 Ne7 17. Be2 Nd5 18. Bb2 Qe7 19. Rad1 Rac8 20. Rfe1 Nb6
21. Qc1 Bg5 22. Ne5 f6 23. Nc6 Qd7 24. Na5 Bd5 25. f4 Bh6 26. Rf1 f5 27. Rde1
Na4 28. Ba1 Nb6 29. Qc3 Na4 30. Qc1 Nb6 31. Bd1 Nc4 32. Nb3 Rf7 33. Bf3 Rg7 34.
Bxd5 Qxd5 35. Nc5 g5 36. e4 Qd6 37. d5 Rg6 38. Nxe6 gxf4 39. Qc3 Kf7 40. exf5
Rxg2+ 41. Kxg2 Rg8+ 42. Kf2 Ne3 43. Rxe3 fxe3+ 44. Ke2 Bg7 45. Qxe3 1-0

[Event "Detroit (MCO/DEU/2a/5)"]
[Site "?"]
[Date "1994.??.??"]
[Round "?"]
[White "Scales, H."]
[Black "Henkel, Scott"]
[Result "0-1"]
[WhiteElo "1605"]
[BlackElo "1605"]
[PlyCount "90"]
[EventDate "1994.??.??"]

1. e4 d6 2. Nf3 Nf6 3. Nc3 g6 4. Bc4 Nxe4 5. O-O Nf6 6. Ng5 Bg7 7. Nxf7 Qd7 8.
Nxh8 Bxh8 9. d3 Nc6 10. a3 Nd4 11. Be3 Ng4 12. Bxd4 Bxd4 13. Qf3 Ne5 14. Qd5
Qg4 15. Ne4 Nxc4 16. Qxc4 c5 17. Rae1 Be5 18. Qg8+ Kd7 19. Qxh7 b5 20. c3 Bb7
21. Nxc5+ dxc5 22. f3 Qf5 23. Qh3 Qxh3 24. gxh3 Bd6 25. c4 a6 26. f4 Rf8 27.
Re2 Rxf4 28. Rxf4 Bxf4 29. cxb5 axb5 30. h4 e5 31. b3 Bf3 32. Rc2 Be3+ 33. Rf2
Bxf2+ 34. Kxf2 Bh5 35. Ke3 Kd6 36. Ke4 Be2 37. b4 c4 38. dxc4 Bxc4 39. Kf3 Kd5
40. Kg4 Be2+ 41. Kg3 Bh5 42. Kf2 Kc4 43. Ke1 e4 44. a4 bxa4 45. h3 a3 0-1

[Event "Warren (Warmup"]
[Site "?"]
[Date "1994.??.??"]
[Round "?"]
[White "Scales, H."]
[Black "Blake, J."]
[Result "0-1"]
[WhiteElo "1605"]
[BlackElo "1745"]
[PlyCount "60"]
[EventDate "1994.??.??"]

1. e4 c5 2. Nf3 d6 3. Bc4 a6 4. d3 Bg4 5. Be3 Nc6 6. Nbd2 e6 7. a3 g6 8. O-O
Bg7 9. c3 Nge7 10. h3 Bxf3 11. Nxf3 O-O 12. Qb3 b5 13. Bxe6 fxe6 14. Qxe6+ Kh8
15. Ng5 Ne5 16. d4 Rf6 17. dxe5 Rxe6 18. Nf7+ Kg8 19. Nxd8 Rxd8 20. exd6 Rexd6
21. Bxc5 R6d7 22. f3 Nc8 23. Rfe1 Be5 24. Rab1 Rd2 25. Bb4 Rc2 26. Ba5 Rdd2 27.
Red1 Rxg2+ 28. Kf1 Rcf2+ 29. Ke1 Bg3 30. Rd8+ Kg7 0-1

[Event "Detroit (MOR/6/3)"]
[Site "?"]
[Date "1994.??.??"]
[Round "?"]
[White "Saulmon, Scott"]
[Black "Schey, Danny"]
[Result "0-1"]
[WhiteElo "1770"]
[BlackElo "1610"]
[PlyCount "94"]
[EventDate "1994.??.??"]

{6/(3)} 1. e4 e5 2. Nf3 Nc6 3. Bb5 a6 4. Ba4 Nf6 5. O-O b5 6. Bb3 Bb7 7. Re1
Bc5 8. c3 d6 9. d4 Bb6 10. Bg5 h6 11. Bh4 g5 12. Bg3 g4 13. Nh4 Qd7 14. Nf5
O-O-O 15. Qd3 Nh5 16. Bh4 Nf4 17. Qe3 Rdg8 18. Nd2 h5 19. Nf1 Ng6 20. Rad1 Nxh4
21. Nxh4 Qe7 22. g3 Qf6 23. Qd2 exd4 24. cxd4 Nxd4 25. Qf4 Qxf4 26. gxf4 Ne6
27. Ng3 Nxf4 28. Rd2 Ba5 29. Red1 Bxd2 30. Rxd2 Ne6 31. Bd5 Bxd5 32. exd5 Nf4
33. Ngf5 Re8 34. Ne3 Re5 35. Nhf5 Rhe8 36. Rc2 Rxf5 37. Kf1 Rfe5 38. Rc3 Nxd5
39. Nxd5 Rxd5 40. Rc2 Rd1+ 41. Kg2 h4 42. f3 f5 43. h3 gxh3+ 44. Kxh3 Rh1+ 45.
Kg2 Ree1 46. a4 Reg1+ 47. Kf2 Rh2+ 0-1

[Event "Detroit (MOR/4/11)"]
[Site "?"]
[Date "1994.??.??"]
[Round "?"]
[White "Saulmon, Scott"]
[Black "Kezele, P."]
[Result "1-0"]
[WhiteElo "1770"]
[BlackElo "1605"]
[PlyCount "45"]
[EventDate "1994.??.??"]

{4/(11)} 1. e4 c5 2. Nc3 Nc6 3. f4 e6 4. Nf3 d6 5. Bc4 Be7 6. O-O Nf6 7. d3 a6
8. a3 b5 9. Bb3 Bb7 10. f5 d5 11. fxe6 fxe6 12. e5 Nd7 13. Qe1 O-O 14. Qg3 Qc7
15. Bh6 Rf7 16. Ng5 Bxg5 17. Rxf7 Bxh6 18. Raf1 Rf8 19. Rxf8+ Nxf8 20. Nxd5
Qxe5 21. Ne7+ Nxe7 22. Qxe5 Nd5 23. Rxf8+ 1-0

[Event "Detroit (MOR/2/4)"]
[Site "?"]
[Date "1994.??.??"]
[Round "?"]
[White "Saulmon, Scott"]
[Black "Grzegorczyk, Ron"]
[Result "1-0"]
[WhiteElo "1770"]
[BlackElo "1605"]
[PlyCount "71"]
[EventDate "1994.??.??"]

{2/(4)} 1. e4 c5 2. Nc3 Nc6 3. f4 e6 4. Nf3 d6 5. Bc4 a6 6. a3 g6 7. O-O Bg7 8.
d3 Nge7 9. Qe1 O-O 10. Ne2 d5 11. Bb3 Qb6 12. Kh1 Qc7 13. e5 f6 14. exf6 Rxf6
15. c3 b5 16. Ng3 c4 17. dxc4 dxc4 18. Bc2 e5 19. fxe5 Nxe5 20. Bg5 Re6 21. Nd4
Rb6 22. Qf2 Bb7 23. Rae1 Rf8 24. Qe2 Bd5 25. Rxf8+ Kxf8 26. Rf1+ Nf7 27. Be4
Bxe4 28. Qxe4 Qe5 29. Qf3 Nf5 30. Ngxf5 Nxg5 31. Qa8+ Rb8 32. Nd6+ Ke7 33. Nc6+
Kxd6 34. Nxb8 Ne4 35. Qc6+ Ke7 36. Qd7# 1-0

[Event "Detroit (MOR/6/10)"]
[Site "?"]
[Date "1994.??.??"]
[Round "?"]
[White "Sattler, Peter"]
[Black "al-Shareef, Robert"]
[Result "1-0"]
[WhiteElo "1785"]
[BlackElo "1605"]
[PlyCount "137"]
[EventDate "1994.??.??"]

{6/(10)} 1. e4 e5 2. Nf3 Nc6 3. d4 exd4 4. Nxd4 Qf6 5. Be3 Bc5 6. c3 a6 7. Qd2
Nge7 8. Nxc6 Bxe3 9. Qxe3 Nxc6 10. Be2 O-O 11. O-O Re8 12. Qd3 Ne5 13. Qc2 d6
14. Nd2 Bd7 15. Rad1 Bc6 16. f3 Ng6 17. Rf2 Nf4 18. Nb3 Qg6 19. Kh1 d5 20. Qd2
Nxe2 21. Rxe2 dxe4 22. fxe4 Bxe4 23. Rde1 Rad8 24. Rxe4 Kf8 25. Rxe8+ Rxe8 26.
Rxe8+ Kxe8 27. Qe1+ Kd8 28. h3 b6 29. a3 Kc8 30. Nd2 Kd7 31. Nf3 Kd6 32. Qe5+
Kd7 33. c4 h6 34. Qd4+ Ke7 35. Ne5 Qe6 36. Nf3 f6 37. Qg4 Qxg4 38. hxg4 g5 39.
Kg1 c5 40. a4 Ke6 41. Kf2 f5 42. gxf5+ Kxf5 43. g3 Ke4 44. Ke2 g4 45. Nd2+ Kd4
46. b3 a5 47. Nb1 h5 48. Kd2 Ke4 49. Nc3+ Kf3 50. Ne2 Kf2 51. Kd3 Kf3 52. Kd2
Kf2 53. Nf4 Kxg3 54. Nxh5+ Kf3 55. Kd3 Kf2 56. Nf4 Kf3 57. Nh5 Kf2 58. Ke4 Ke2
59. Kd5 Kd3 60. Kc6 Kc3 61. Kxb6 Kxb3 62. Kxa5 Kxc4 63. Kb6 Kb4 64. a5 c4 65.
a6 c3 66. a7 c2 67. Nf4 Kc3 68. a8=Q c1=Q 69. Ne2+ 1-0